Language Quiz

Random Language or Bible Quiz
Score 0/235 Timer 15:00
0 Plays Today
% Correct
1 In
88.1%
in
88.1%
4 In
88.1%
in
88.1%
in
88.1%
10 In
88.1%
11 In
88.1%
in
88.1%
in
88.1%
in
88.1%
et
85.1%
et
85.1%
et
85.1%
et
85.1%
5 et
85.1%
et
85.1%
et
85.1%
et
85.1%
et
85.1%
14 Et
85.1%
et
85.1%
et
85.1%
et
85.1%
et
85.1%
16 Et
85.1%
et
85.1%
et
85.1%
de
83.6%
de
83.6%
de
83.6%
de
83.6%
a
82.1%
a
82.1%
Deus
79.1%
erat
77.6%
Verbum,
77.6%
Verbum
77.6%
erat
77.6%
erat
77.6%
Verbum.
77.6%
erat
77.6%
erat,
77.6%
erat
77.6%
erat
77.6%
erat
77.6%
9 Erat
77.6%
erat,
77.6%
Verbum
77.6%
erat
77.6%
erat.
77.6%
principio
71.6%
principio
71.6%
Deum,
68.7%
Deum.
68.7%
18 Deum
68.7%
est
61.2%
est.
61.2%
est,
61.2%
est,
61.2%
est,
61.2%
est:
61.2%
est,
61.2%
est.
61.2%
est
61.2%
apud
58.2%
apud
58.2%
lux
56.7%
lux
56.7%
lux,
56.7%
lux
56.7%
2 Hoc
55.2%
homo
47.8%
Deo,
47.8%
Deo
47.8%
factum
46.3%
factum
46.3%
factum
46.3%
sunt:
44.8%
non
44.8%
% Correct
8 Non
44.8%
non
44.8%
non
44.8%
non
44.8%
sunt.
44.8%
per
41.8%
quod
41.8%
per
41.8%
per
41.8%
per
41.8%
per
41.8%
facta
40.3%
nihil,
40.3%
qui
40.3%
13 qui
40.3%
Qui
40.3%
qui
40.3%
facta
40.3%
qui
40.3%
Dei
38.8%
3 Omnia
35.8%
sine
35.8%
ipso
34.3%
ipso
34.3%
ipso,
34.3%
tenebrae
32.8%
sed
32.8%
sed
32.8%
ipsum
31.3%
cui
31.3%
ipsum
31.3%
tenebris
28.4%
nomen
26.9%
Ioannes.
26.9%
factus
25.4%
factus
25.4%
vita
23.9%
vita
23.9%
hominum:
23.9%
6 Fuit
23.9%
pro
23.9%
lucet,
22.4%
7 Hic
22.4%
Hic
22.4%
ille
20.9%
mundo
20.9%
caro
20.9%
comprehenderunt.
19.4%
mundum.
19.4%
gratia:
19.4%
gratia
19.4%
venit
17.9%
testimonium
17.9%
testimonium
17.9%
omnes
17.9%
testimonium
17.9%
venit,
17.9%
testimonium
17.9%
omnes
17.9%
missus
16.4%
Iesum
16.4%
Christum
16.4%
Filius,
16.4%
hominem
14.9%
mundus
14.9%
mundus
14.9%
eius:
14.9%
ex
14.9%
ex
14.9%
ex
14.9%
ex
14.9%
nobis:
14.9%
eius,
14.9%
eius
14.9%
ipse
14.9%
illum.
13.4%
eum
13.4%
eum
13.4%
eum,
13.4%
% Correct
habitavit
13.4%
gloriam
13.4%
gloriam
13.4%
me
13.4%
me
13.4%
me
13.4%
Moysen
13.4%
veritas
13.4%
ut
11.9%
ut
11.9%
ut
11.9%
quae
11.9%
Patre
11.9%
gratiam
11.9%
eam
10.4%
lumine,
10.4%
lumine.
10.4%
nomine
10.4%
nos
10.4%
lex
10.4%
Patris,
10.4%
viri,
9%
veritatis.
9%
15 Ioannes
9%
ante
9%
17 quia
9%
perhiberet
7.5%
perhiberet
7.5%
vera,
7.5%
cognovit.
7.5%
eis
7.5%
filios
7.5%
his
7.5%
voluntate
7.5%
carnis,
7.5%
voluntate
7.5%
quem
7.5%
crederent
6%
sui
6%
12 Quotquot
6%
autem
6%
dedit
6%
potestatem
6%
vidimus
6%
unigeniti
6%
plenum
6%
dixi:
6%
post
6%
vidit
6%
unigenitus
6%
illuminat
4.5%
omnem
4.5%
propria
4.5%
receperunt.
4.5%
receperunt
4.5%
fieri,
4.5%
credunt
4.5%
sanguinibus,
4.5%
neque
4.5%
neque
4.5%
nati
4.5%
quasi
4.5%
gratiae
4.5%
perhibet
4.5%
clamat
4.5%
dicens:
4.5%
venturus
4.5%
prior
4.5%
plenitudine
4.5%
accepimus,
4.5%
data
4.5%
nemo
4.5%
sinu
4.5%
enarravit.
4.5%
venientem
3%
huc
3%
umquam:
3%
Come Together.
Have Fun.
All Virtual.
We all need to come together. Play Sporcle's virtual live trivia to have fun, connect with people, and get your trivia on. Join a live hosted trivia game for your favorite pub trivia experience done virtually. If a virtual private party is more your thing, go here for details.

You're not logged in!

Compare scores with friends on all Sporcle quizzes.
OR
Log In

Sporcle TV

Today on Sporcle TV


Watch our educational content, quiz creation guides, and fun videos on Sporcle TV.

Show Comments

Extras

Top Quizzes Today


Score Distribution

Paid Content

Your Account Isn't Verified!

In order to create a playlist on Sporcle, you need to verify the email address you used during registration. Go to your Sporcle Settings to finish the process.

Report this User

Report this user for behavior that violates our Community Guidelines.

Details: